| 000 | 00682nam a22002177a 4500 | ||
|---|---|---|---|
| 005 | 20260507171745.0 | ||
| 008 | 260507b |||||||| |||| 00| 0 eng d | ||
| 037 | _cTB | ||
| 040 |
_aCRL _cCRL |
||
| 041 |
_2eng _aeng |
||
| 084 |
_a2.4411,g,N28 H0 _qCRL |
||
| 245 | _aMemories of the Madras library Association | ||
| 260 |
_aMadras, India: _bMadras Library Association, _c1940. |
||
| 300 | _a159p. | ||
| 650 | _aLibrary Science | ||
| 700 |
_aAiyer, K.V. Krishnaswami _eEd. _91238799 |
||
| 700 |
_aSwaminathan, K. _eEd. |
||
| 700 |
_aGnanamuttu, Alexander _eEd. _91238800 |
||
| 942 |
_2CC _cTB _h2.4411,g,N28 H0 _n0 |
||
| 999 |
_c1851138 _d1851138 |
||